书目信息 |
| 题名: |
常见中药材鉴别
|
|
| 作者: | 杨铁钢, , 夏伟, , 腊贵晓, 主编 | |
| 分册: | ||
| 出版信息: | 郑州 中原农民出版社 2024.01 |
|
| 页数: | 322页 | |
| 开本: | 24cm | |
| 丛书名: | ||
| 单 册: | ||
| 中图分类: | R282.5 | |
| 科图分类: | ||
| 主题词: | 中药鉴定学--zhong yao jian ding xue--研究 | |
| 电子资源: | ||
| ISBN: | 978-7-5542-2816-6 | |
| 000 | 00972nam0 2200265 450 | |
| 001 | 91881 | |
| 005 | 20250817152158.55 | |
| 010 | @a978-7-5542-2816-6@dCNY126.00 | |
| 100 | @a20240327d2024 em y0chiy50 ea | |
| 101 | 0 | @achi |
| 102 | @aCN@b410000 | |
| 105 | @aa a 001yy | |
| 106 | @ar | |
| 200 | 1 | @a常见中药材鉴别@Achang jian zhong yao cai jian bie@f杨铁钢, 夏伟, 腊贵晓主编 |
| 210 | @a郑州@c中原农民出版社@d2024.01 | |
| 215 | @a322页@c彩图@d24cm | |
| 320 | @a有书目 (第319-322页) 和索引 | |
| 330 | @a本书系统地介绍了200多种常见中药材的别名、来源、性味归经、功效、产地、性状鉴别等, 还精选了中药材及其饮片真伪的大量动物、植物基源的药材标本图片和局部鉴别特征图片。 | |
| 606 | 0 | @a中药鉴定学@Azhong yao jian ding xue@x研究 |
| 690 | @aR282.5@v5 | |
| 701 | 0 | @a杨铁钢,@Ayang tie gang@f1967-@4主编 |
| 701 | 0 | @a夏伟,@Axia wei@f1989-@4主编 |
| 701 | 0 | @a腊贵晓,@Ala gui xiao@f1981-@4主编 |
| 801 | 0 | @aCN@c20250909 |
| 905 | @a河南城建学院图书馆@dR282.5@eY282@f1 | |
| 常见中药材鉴别/杨铁钢, 夏伟, 腊贵晓主编.-郑州:中原农民出版社,2024.01 |
| 322页:彩图;24cm |
| ISBN 978-7-5542-2816-6:CNY126.00 |
| 本书系统地介绍了200多种常见中药材的别名、来源、性味归经、功效、产地、性状鉴别等, 还精选了中药材及其饮片真伪的大量动物、植物基源的药材标本图片和局部鉴别特征图片。 |
| ● |
| 相关链接 |
|
|
|
正题名:常见中药材鉴别
索取号:R282.5/Y282
 
预约/预借
| 序号 | 登录号 | 条形码 | 馆藏地/架位号 | 状态 | 备注 |
| 1 | 1625845 | 216258458 | 自科库401/401自科库 12排2列4层/ [索取号:R282.5/Y282] | 在馆 |